00590nam a2200181Ia 450000500170000000800410001702000150005808200130007324500590008626000640014530000180020965000140022765000130024170000380025494200060029295200950029899900150039320240402054655.0240331s9999 xx 000 0 und d a9555800952 bECOa330 0aEconomics reforms in Sri Lanka :b post -1977 period / aColombo :bInternational Centre for ethnic studies /c2005. axii, 392 p ., apolitical aEconomic aSaravananthan, muttukrishna.eedt cL 001040708LaWERCLbWERCLcSSCd2024-03-31l0o 330 ECOp6575r2024-03-31w2024-03-31yL c4979d4979